Problém dôveryhodnosti monetárnej politiky

Vysvetlenie inflácie teóriou problému dôveryhodnosti v monetárnej politike. Monetárna politika v prostredí so záväzkom. Monetárna politika v prostredí bez záväzku.

Salvato in:
Dettagli Bibliografici
Autore principale: Szomolányi, Karol, 1976-
Natura: Capitolo di libro
Lingua:slovacco
Soggetti:
Tags: Aggiungi Tag
Nessun Tag, puoi essere il primo ad aggiungerne!!

MARC

LEADER 00000nla$a2200000$$$4500
001 0110335
005 20240502083256.0
041 0 |a slo 
044 |a CZ 
245 1 0 |a Problém dôveryhodnosti monetárnej politiky  |c Karol Szomolányi 
520 |a Vysvetlenie inflácie teóriou problému dôveryhodnosti v monetárnej politike. Monetárna politika v prostredí so záväzkom. Monetárna politika v prostredí bez záväzku. 
610 2 0 |a politika peňažná 
610 2 0 |a inflácia 
610 2 0 |a banky centrálne 
610 2 0 |a záväzky 
100 1 |a Szomolányi, Karol, 1976-